| 000 | 00509nam a2200169Ia 4500 | ||
|---|---|---|---|
| 005 | 20140617141845.0 | ||
| 008 | 140529s9999 xx 000 0 und d | ||
| 020 | _a9789712721236 | ||
| 050 |
_aPL 5539.L41 _b.L286 2008 |
||
| 100 | _aLanot, Marra PL. | ||
| 245 |
_aRiding the full moon and other poems in Filipino and Spanish / _cby Marra PL. Lanot |
||
| 260 |
_aManila, Philippines : _bAnvil, _cc2008. |
||
| 300 |
_a93 p. ; _c19 cm. |
||
| 521 | _aGE | ||
| 942 |
_kLOC _cBK _2lcc |
||
| 999 |
_c117720 _d117720 |
||